000 00477nam a2200181Ia 4500
005 20250508162028.0
008 008 250505s9999 xx 000 0 eng d
037 _aTextual
040 _aFEDL
_beng
_cFEDL
041 _aeng
_2eng
084 _a370.9593, THA
_qFEDL
245 0 _aHistory of Thai education
245 0 _cThailand. Ministry of education
260 _c1976
300 _a177p.
942 _cTEXL
_h370.9593, THA
999 _c1373924
_d1373924